00269pam a2200109 a 4500020000500000041000500005082001300010100002000023245009000043260001700133300000900150 c h a614bWHO aJames Atkinson. aNatural Ventilation for Infection Control in Health-care Settings hTextual Documents bW.H.O.c2009 a106.